000 00922nam a2200229 a 4500
999 _c11239
_d11239
001 11239
003 BD-JhCC
005 20190806201037.0
008 190606s 2017bg a|||| ||a| 000 0 ben d
020 _a9847009603976
035 _a(BD-JhCC)11239
040 _aBD-JhCC
_dBD-JhCC
041 _aben
082 _a954.9205
_bAKT 2017
100 _aআখতারুজ্জাহান
245 _aমুক্তিযুদ্ধের কিশোর ইতিহাস :
_bরাজশাহী জেলা /
_cআখতারুজ্জাহান, আমিনুর রহমান সুলতান (সম্পা)
260 _aঢাকা:
_bতাম্রলিপি;
_c২০১৭.
300 _a১৪১ পৃ. :
_bill;
_c২২ সেমি.
650 _aLiberation war
_xjuvenile
_y1971
_zBangladesh
700 _aসুলতান, আমিনুর রহমান
942 _2ddc
_cBK